000 01064nam a2200265Ia 4500
003 OSt
005 20221005104740.0
006 a|||||r|||| 00| 0
007 ta
008 221004b |||||||| |||| 00| 0 hin d
020 _c60
024 _a8777
037 _b20478, 08/01/2014, Hindi Madhyam Karyanvyan Nideshalye
_cTextual
040 _aCRL
_cCRL
_bhin
041 _2hin
_ahin
082 _aO152,1:g(P:75), N0
100 _aनगेन्द्र, संपा.
245 0 _aभारतीय काव्य सिद्धांत
246 _aBhāratīya kāvya siddhāanta
260 _aदिल्ली
_bविश्वविद्यालय हिन्दी माध्यम कार्यान्वय निदेशालय भारत
_c1990
300 _a323पृ0
_ccm.
650 _aहिन्दी साहित्य
942 _hO152,1:g(P:75), N0
_cTEXL
_2cc
999 _c1013669
_d1013669